Yleistieto #37 - Statistics

Yleistilastot
  • Tätä visaa on pelattu 630 kertaa
  • Keskiarvotulos 10 / 15
Vastaustilastot
Vinkki Vastaus % Oikein
Mistä kaupungista tulee jääkiekkojoukkue Tappara? Tampereelta
98%
Mikä on maailman korkein vuori? Mount Everest
95%
^^Minkä maiden rajalla se sijaitsee? Kiinan
86%
Nepalin
86%
^Mihin vuoristoon se kuuluu? Himalajaan
79%
Missä kaupungissa on Tykkimäen - huvipuisto? Kouvolassa
74%
Minkä maalainen jääkiekkoilija on Jaromir Jagr? Tsekki
74%
Mikä on tappara? Sotakirves
72%
Mikä on Intian suosituin urheilulaji? Kriketti
68%
Kuka ohjasi elokuvan "Mies vailla menneisyyttä"? Aki Kaurismäki
62%
Mikä eläin on maailman suurin jyrsijä (n.35-66kg)? Vesisika
53%
Mistä maanosasta se on kotoisin? Etelä-Amerikasta
52%
Kenen taiteilijan erämaa-ateljee oli nimeltään Kalela? Akseli Gallen-Kallelan
45%
Minkä maan entinen presidentti oli Hugo Chavez? Venezuelan
44%
Kuka on kirjoittanut kirjan "Portnoyn tauti"? Philip Roth
6%
Ehtoja vastaavia visoja ei löytynyt
Tulosjakauma
Jokaisen tuloksen saaneiden osuus
Persentiili vastausten määrän mukaan
Tuloshistoriasi
Et ole pelannut tätä visaa